| 000 | 00717nam a22002177a 4500 | ||
|---|---|---|---|
| 999 |
_c177238 _d177238 |
||
| 005 | 20210215171347.0 | ||
| 010 | _aENG-128982 | ||
| 020 |
_c299.00 _a978-93-86473-93-6 |
||
| 035 | _aEN-112514 | ||
| 037 | _bDBAD/PUB | ||
| 082 | _a920 | ||
| 245 |
_aWhen Two Streams Met: Lessons from India's Freedom Struggle/ _cBharat Dogra, et. al. |
||
| 260 |
_aNew Delhi _bVitasta Publishing Pvt. Ltd. _c2020 |
||
| 270 |
_bNew Delhi _a2/15, Ansari Roaad, Daryaganj _e110002 _minfo@vitastapublishing.com |
||
| 300 |
_a134p. _c21cm(pbk) _bIncluding Illustrations. |
||
| 700 | _aDogra, Bharat | ||
| 700 | _aBharti, Reshma | ||
| 700 | _aSingh, Jagmohan | ||
| 700 | _aDogra, Madhu | ||
| 942 |
_2ddc _cEN _h920 _mWHE |
||